Egypt at its origins : studies in memory of Barbara Adams : proceedings of the international conference "Origin of the State, Predynastic and Early Dynastic Egypt," Krakow, 28th August - 1st September 2002 /

محفوظ في:

مؤلفون آخرون: Hendrickx, Stan., Adams, Barbara, 1945-2002.

التنسيق: كتاب

اللغة: English

منشور في: Dudley, MA : Peeters, 2004.

سلاسل: Orientalia Lovaniensia Analecta ; 138.
OLA ; 138.

الموضوعات:

الوسوم: إضافة وسم

لا توجد وسوم, كن أول من يضع وسما على هذه التسجيلة!

رقم الطلب: DS1 .O7 v.138

LEADER 01363namaa2200325 4500
001 12332
003 OSt
005 20240929082857.0
008 130303s2004 mauab b 110 0 eng d
952 |0 0  |1 0  |2 lcc  |3 V.138  |4 0  |6 DS0001 O7 V.00138  |7 1  |9 11706  |a ARCE  |b ARCE  |d 2021-04-08  |l 0  |o DS1 .O7 v.138  |p 1006796  |r 2021-04-08 00:00:00  |w 2021-04-08  |y BK 
999 |c 10843  |d 10843 
020 |a 9042914696 
040 |c ARCE Library 
043 |a f-ua--- 
050 0 4 |a DS1 .O7 v.138 
245 0 0 |a Egypt at its origins :   |b studies in memory of Barbara Adams : proceedings of the international conference "Origin of the State, Predynastic and Early Dynastic Egypt," Krakow, 28th August - 1st September 2002 /   |c edited by S. Hendrickx, R. F. Friedman, K. M. Ciałowicz... [et al.]. 
264 1 |a Dudley, MA :  |b Peeters,  |c 2004. 
300 |a xxx, 1142 pages :  |b illustrations, maps ;  |c 25 cm. 
490 1 |a Orientalia Lovaniensia Analecta ;   |v 138. 
490 1 |a OLA ;   |v 138. 
504 |a Includes bibliographical references. 
650 0 |a Excavations (Archaeology)  |z Egypt  |v Congresses. 
651 0 |a Egypt  |x Antiquities  |v Congresses. 
651 0 |a Egypt  |x History  |y To 332 B.C.  |v Congresses. 
700 1 |a Hendrickx, Stan. 
700 1 |a Adams, Barbara,   |d 1945-2002. 
830 0 |a Orientalia Lovaniensia Analecta ;   |v 138. 
830 0 |a OLA ;   |v 138. 
901 |a reviewed 
942 |c BK  |2 lcc